Obención de clara de huevo en polvo por medio de la técnica de secado utilizando un equipo que opera por aspersión
Uloženo v:
| Hlavní autor: | |
|---|---|
| Médium: | Kniha |
| Jazyk: | Spanish |
| Vydáno: |
San José, Costa Rica
2016
|
| Témata: | |
| Tagy: |
Přidat tag
Žádné tagy, Buďte první, kdo vytvoří štítek k tomuto záznamu!
|
MARC
| LEADER | 00000nam a22000007a 4500 | ||
|---|---|---|---|
| 003 | 012556 | ||
| 005 | 20221231144143.0 | ||
| 008 | 170228b2016 cr a|||| m||| 00| ||spa d | ||
| 040 | |c cru CEDI | ||
| 090 | |a TFG 7707 | ||
| 100 | |9 6758 |a Martínez Morales, Marco Vinicio | ||
| 245 | |a Obención de clara de huevo en polvo por medio de la técnica de secado utilizando un equipo que opera por aspersión | ||
| 260 | |a San José, Costa Rica |c 2016 | ||
| 300 | |a xx,104[55] hojas; ilustraciones a color | ||
| 500 | |a Proyecto de graduación (licenciatura en ingeniería química)--Universidad de Costa Rica. Facultad de Ingeniería. Escuela de Ingeniería Química | ||
| 650 | |x DESHIDRATACION DE ALIMENTOS |x SECADO POR ASPERSION |x PROCESAMIENTO DE ALIMENTOS |x ALIMENTOS -- CONSERVACION |x HUEVOS |9 6759 | ||
| 942 | |c TFG | ||
| 999 | |c 17673 |d 17673 | ||
